[Event "Challenge"]
[Site "http://www.queenalice.com/game.php?id=585637"]
[Date "2009.5.9"]
[Round "-"]
[White "Cleopatra"]
[Black "Cernunnos"]
[Result "1-0"]
[WhiteElo "1529"]
[BlackElo "1142"]

1. e4 e5 2. Nf3 d6 3. d4 Nd7 4. dxe5 dxe5 5. Bc4 Ngf6 6. Bg5 Nb6 7. Qxd8+ Kxd8
8. Bxf6+ gxf6 9. Bxf7 Bb4+ 10. c3 Ba5 11. b4 Rf8 12. Bh5 Bxb4 13. cxb4 Nc4 14.
O-O Bd7 15. Rd1 Nd6 16. Re1 Bc6 17. Nbd2 Bxe4 18. Nxe4 Nc4 19. Rad1+ Ke7 20. Nc5
b6 21. Nd3 Rg8 22. Re4 Rg7 23. Rg4 e4 24. Rxe4+ Kd6 25. Rxc4 Re8 26. Bxe8 Rg8
27. Ba4 Rc8 28. Nf4+ Ke7 29. Nd5+ Kf7 30. Rxc7+ Kg6 31. Rxc8 1-0

[Event "Challenge"]
[Site "http://www.queenalice.com/game.php?id=585640"]
[Date "2009.5.9"]
[Round "-"]
[White "Cleopatra"]
[Black "SCORPION77"]
[Result "1/2-1/2"]
[WhiteElo "1532"]
[BlackElo "1722"]

1. e4 e5 2. Nf3 Nc6 3. d4 exd4 4. Nxd4 Nxd4 5. Qxd4 d6 6. Nc3 Nf6 7. Bc4 Be7 8.
O-O O-O 9. Bg5 h6 10. Bd2 a6 11. Rfe1 c5 12. Qe3 b5 13. Bd5 Rb8 14. Rad1 Bb7 15.
Bxb7 Rxb7 16. Nd5 Nxd5 17. exd5 Bf6 18. Qg3 Bxb2 19. Bxh6 Qf6 20. Bg5 Qg6 21.
Qf4 Rd7 22. Re2 Qh5 23. g4 Qh3 24. Re3 Qh7 25. Qe4 Qxe4 26. Rxe4 f6 1/2-1/2

[Event "Challenge"]
[Site "http://www.queenalice.com/game.php?id=585641"]
[Date "2009.5.9"]
[Round "-"]
[White "Cleopatra"]
[Black "vieri"]
[Result "1-0"]
[WhiteElo "1500"]
[BlackElo "1157"]

1. e4 e5 2. Nf3 Nc6 3. d4 Nxd4 4. Nxd4 exd4 5. Qxd4 Nf6 6. Bg5 h6 7. Bh4 g5 8.
e5 Nh5 9. Be2 gxh4 10. Bxh5 Qf6 11. exf6 d6 12. Qc4 Be6 13. Qb5+ Bd7 14. Qxb7
Rc8 15. Qd5 Rh7 16. O-O c6 17. Qe4+ Be6 18. Qxe6+ Be7 19. Qxc8+ Bd8 20. Re1+ Kf8
21. Qxd8# 1-0

[Event "Challenge"]
[Site "http://www.queenalice.com/game.php?id=602605"]
[Date "2009.6.13"]
[Round "-"]
[White "Cleopatra"]
[Black "Andre1962"]
[Result "0-1"]
[WhiteElo "1698"]
[BlackElo "1731"]

1. e4 c6 2. d4 d5 3. exd5 cxd5 4. c4 e6 5. Nc3 Nf6 6. Nf3 Nc6 7. Bf4 Bd6 8. Bg5
Qa5 9. Bxf6 gxf6 10. Be2 Qb4 11. c5 Qxb2 12. Na4 Qb4+ 13. Kf1 Bf4 14. Qb3 Qxb3
15. axb3 Na5 16. b4 Nb3 17. Rd1 Bd7 18. Nb2 O-O 19. Nd3 Bg5 20. h4 Bh6 21. Nb2
Nc1 22. g3 Nxe2 23. Kxe2 a5 24. bxa5 Rxa5 25. Kf1 Ra2 26. Nd3 Ba4 27. Re1 Ra3
28. Ke2 Bc2 29. Nc1 Be4 30. Nd2 Bxh1 31. Rxh1 Bxd2 32. Kxd2 Rb8 33. Nd3 b6 34.
Rb1 Ra7 35. Rxb6 Rxb6 36. cxb6 Rb7 37. Ke3 Rxb6 38. f4 e5 39. dxe5 fxe5 40. fxe5
Rb1 41. g4 Rh1 42. h5 Rh3+ 43. Kd4 Rg3 44. Nf2 Rg2 45. Ke3 d4+ 46. Ke2 d3+ 47.
Kf1 Rg3 48. Ke1 Re3+ 49. Kd2 Re2+ 0-1

[Event "AUTO-INT-1362"]
[Site "http://www.queenalice.com/game.php?id=612648"]
[Date "2009.7.3"]
[Round "1"]
[White "ciceroeduardo"]
[Black "Cleopatra"]
[Result "0-1"]
[WhiteElo "1620"]
[BlackElo "1629"]

1. e4 e5 2. f4 d6 3. Nf3 Nf6 4. Nc3 Nc6 5. Be2 Be7 6. fxe5 Nxe5 7. O-O O-O 8. d4
Nc6 9. Be3 Ng4 10. Bd2 Nf6 11. d5 Ne5 12. Nxe5 dxe5 13. Be3 Bb4 14. Qd3 Re8 0-1

[Event "AUTO-INT-1362"]
[Site "http://www.queenalice.com/game.php?id=612649"]
[Date "2009.7.3"]
[Round "1"]
[White "Cleopatra"]
[Black "ciceroeduardo"]
[Result "1-0"]
[WhiteElo "1564"]
[BlackElo "1620"]

1. e4 e5 2. Nf3 Nc6 3. d4 exd4 4. Nxd4 Bc5 5. Nxc6 Qf6 6. Qe2 Qxc6 7. Nc3 Ne7 8.
Be3 O-O 9. Qc4 b6 10. Bxc5 bxc5 11. Bd3 Ba6 12. Qxa6 Qxa6 13. Bxa6 Rab8 14. b3
Rb6 15. Bd3 f5 16. exf5 Nxf5 17. Nd5 Re6+ 18. Kd2 1-0

[Event "AUTO-INT-1362"]
[Site "http://www.queenalice.com/game.php?id=612662"]
[Date "2009.7.3"]
[Round "1"]
[White "Cleopatra"]
[Black "Nias"]
[Result "1-0"]
[WhiteElo "1692"]
[BlackElo "1600"]

1. e4 e5 2. Nf3 Qf6 3. d4 d6 4. d5 a6 5. Nc3 b5 6. Be2 c5 7. h3 h6 8. Be3 Bd7 9.
Qd2 b4 10. Nd1 a5 11. a4 Ra7 12. O-O Qg6 13. Kh1 f5 14. exf5 Bxf5 15. Nh4 Qf6
16. Nxf5 Qxf5 17. b3 Nf6 18. Bb5+ 1-0

[Event "AUTO-INT-1362"]
[Site "http://www.queenalice.com/game.php?id=612663"]
[Date "2009.7.3"]
[Round "1"]
[White "Nias"]
[Black "Cleopatra"]
[Result "0-1"]
[WhiteElo "1600"]
[BlackElo "1661"]

1. e4 e5 2. Qf3 d6 3. Bc4 Qf6 4. Qxf6 Nxf6 5. f3 Nc6 6. c3 Be7 7. g4 Bd7 8. a3
O-O 9. Ne2 a6 10. b4 b5 11. Ba2 a5 12. d4 exd4 13. cxd4 axb4 14. axb4 Nxb4 15.
Nbc3 Nc2+ 16. Kd2 Nxa1 17. Bb2 b4 18. Nd5 Rxa2 19. Nxe7+ Kh8 20. Rb1 Nb3+ 0-1

[Event "AUTO-INT-1362"]
[Site "http://www.queenalice.com/game.php?id=612664"]
[Date "2009.7.3"]
[Round "1"]
[White "Cleopatra"]
[Black "wind39"]
[Result "1-0"]
[WhiteElo "1718"]
[BlackElo "1494"]

1. e4 e5 2. Nf3 d6 3. d4 Nc6 4. dxe5 dxe5 5. Qxd8+ Nxd8 6. Nxe5 f6 7. Nf3 Nc6 8.
Bb5 a6 9. Ba4 b5 10. Bb3 Nb4 11. Nd4 Bc5 12. Nf3 f5 13. e5 Nh6 14. Bxh6 gxh6 15.
Nc3 c6 16. O-O a5 17. a3 Na6 18. Rad1 a4 19. Ba2 f4 20. Rd3 Bf5 21. Rd2 b4 22.
axb4 Nxb4 23. Bb1 O-O 24. Re1 Rae8 25. Nxa4 Ba7 26. Nd4 Bxd4 27. Rxd4 Rd8 28.
Rxd8 Rxd8 29. c3 Bxb1 30. Rxb1 Rd2 31. cxb4 h5 32. Re1 Kf8 33. f3 Rd8 34. e6 Re8
35. Nc5 h4 36. h3 Rxe6 37. Rxe6 h5 38. Rxc6 Ke7 39. Ne4 Kd7 40. Rc2 Ke6 41. b5
Kd5 42. b6 Kd4 43. b7 Kd3 44. Rd2+ Ke3 45. Rd7 1-0

[Event "AUTO-INT-1362"]
[Site "http://www.queenalice.com/game.php?id=612665"]
[Date "2009.7.3"]
[Round "1"]
[White "wind39"]
[Black "Cleopatra"]
[Result "0-1"]
[WhiteElo "1460"]
[BlackElo "1678"]

1. e3 d5 2. Nc3 e5 3. Nf3 e4 4. Nd4 Bc5 5. Nb3 Bb6 6. d3 exd3 7. Qxd3 Nf6 8. Be2
Nc6 9. a3 O-O 10. O-O Re8 11. h3 Be6 12. e4 d4 13. Bf4 dxc3 14. Qxc3 Bxb3 15.
Qxb3 Nd4 16. Qe3 Nxc2 17. Qd3 Qxd3 18. Bxd3 Nxa1 19. e5 Nd5 20. g3 Nb3 21. Bc4
Nxf4 22. gxf4 Nd2 23. Rc1 Nxc4 24. Rxc4 Rad8 25. b4 Rd4 26. Rxd4 Bxd4 27. h4 b5
28. h5 Bb2 0-1

[Event "Challenge"]
[Site "http://www.queenalice.com/game.php?id=638317"]
[Date "2009.8.18"]
[Round "-"]
[White "showman"]
[Black "Cleopatra"]
[Result "0-1"]
[WhiteElo "1598"]
[BlackElo "1719"]

1. e4 e5 2. Nf3 d6 3. h3 Nf6 4. d3 Nc6 5. Nc3 Be7 6. Bg5 O-O 7. g4 Nd7 8. h4 h6
9. Bxe7 Nxe7 10. g5 h5 11. Nh2 g6 12. Qf3 Nc6 13. O-O-O Nd4 14. Qe3 Nc5 15. b4
Nce6 16. Nd5 Ng7 17. c3 Nde6 18. b5 c6 19. bxc6 bxc6 20. Nf6+ Kh8 21. Nf3 Ne8
22. Nxe8 Qxe8 23. d4 exd4 24. cxd4 Rb8 25. Qc3 Bb7 26. d5+ Ng7 27. Rd4 c5 28.
Rc4 Ba6 29. Rxc5 Bxf1 30. Rxf1 dxc5 31. Ne5 Kh7 32. f4 f6 33. Nc6 Rb7 34. gxf6
Ne6 35. Na5 Qb5 36. Nxb7 Qxf1+ 37. Kc2 Qf2+ 38. Kc1 Qxf4+ 39. Kc2 Qxe4+ 40. Kc1
Qxd5 41. a4 Qxb7 0-1

[Event "AUTO-INT-1445"]
[Site "http://www.queenalice.com/game.php?id=651193"]
[Date "2009.9.12"]
[Round "1"]
[White "Cleopatra"]
[Black "paulogaspar"]
[Result "0-1"]
[WhiteElo "1734"]
[BlackElo "2095"]

1. e4 e5 2. Nf3 Nc6 3. d4 exd4 4. Nxd4 Nxd4 5. Qxd4 c6 6. Nc3 Qf6 7. e5 Qe7 8.
Bf4 Qb4 9. Qxb4 Bxb4 10. Bd2 Ne7 11. O-O-O b5 12. Ne4 Bxd2+ 13. Rxd2 O-O 14. Nd6
Nd5 15. g3 f5 16. Bg2 Ne7 17. Nxc8 Nxc8 18. Rhd1 Nb6 19. b3 Rae8 20. f4 a5 21.
Rd6 a4 22. bxa4 Nxa4 23. R1d3 Nc5 24. Ra3 Ra8 25. Kb2 Rxa3 26. Kxa3 Ra8+ 27. Kb2
Ra7 28. h3 Kf7 29. g4 fxg4 30. hxg4 Ke7 31. g5 Ne6 32. Be4 g6 33. a3 Nxf4 34.
Rd4 Ne6 35. Rd2 Nxg5 36. Bd3 Ke6 37. Re2 Nf3 38. Rf2 Nxe5 39. Re2 Kd6 40. Rd2
Nxd3+ 41. Rxd3+ Ke5 42. Kb3 c5 0-1

[Event "AUTO-INT-1445"]
[Site "http://www.queenalice.com/game.php?id=651195"]
[Date "2009.9.12"]
[Round "1"]
[White "Cleopatra"]
[Black "dean1787"]
[Result "1-0"]
[WhiteElo "1714"]
[BlackElo "1359"]

1. e4 e5 2. Nf3 Nf6 3. d3 Bb4+ 4. c3 Ba5 5. Nxe5 Nc6 6. Nc4 O-O 7. b4 Bb6 8.
Nxb6 axb6 9. Be2 d5 10. exd5 Nxd5 11. O-O f5 12. f4 b5 13. Qb3 Re8 14. Bf3 Be6
15. c4 bxc4 16. dxc4 Nf6 17. Bxc6 bxc6 18. Nd2 1-0

[Event "AUTO-INT-1445"]
[Site "http://www.queenalice.com/game.php?id=651196"]
[Date "2009.9.12"]
[Round "1"]
[White "dean1787"]
[Black "Cleopatra"]
[Result "0-1"]
[WhiteElo "1359"]
[BlackElo "1717"]

1. e4 e5 2. Nf3 d6 3. d3 Nc6 4. Nc3 Nf6 5. d4 Bg4 6. Bg5 Be7 7. h3 Bxf3 8. dxe5
Bxd1 9. Rxd1 Nxe5 10. f4 Nc6 11. Bb5 Qd7 12. e5 a6 13. Ba4 b5 14. Bb3 Nh5 15.
Nd5 Bxg5 16. fxg5 Ng3 17. Rg1 Na5 18. Rd3 Ne4 0-1

[Event "AUTO-INT-1362"]
[Site "http://www.queenalice.com/game.php?id=676103"]
[Date "2009.11.1"]
[Round "2"]
[White "luciopac"]
[Black "Cleopatra"]
[Result "1-0"]
[WhiteElo "2170"]
[BlackElo "1722"]

1. e4 e5 2. Nf3 d6 3. d4 exd4 4. Nxd4 Nf6 5. Nc3 Bd7 6. Be2 Nc6 7. Be3 a6 8. O-O
Be7 9. f4 Qc8 10. f5 h6 11. Nxc6 Bxc6 12. Bf3 O-O 13. g4 b5 14. a3 Re8 15. Qe1
Qb7 16. Bd4 Bf8 17. Bxf6 gxf6 18. Qh4 Bg7 19. Rae1 Re5 20. Nd5 Bxd5 21. exd5
Rae8 22. Qf2 Qc8 23. Rxe5 fxe5 24. Be4 f6 25. c4 Qb7 26. c5 Qa7 27. cxd6 Qxf2+
28. Rxf2 cxd6 29. Rc2 h5 30. Rc6 hxg4 31. Rxd6 a5 32. Rb6 b4 33. axb4 Bh6 34.
Rxf6 Kg7 35. Rg6+ Kh7 36. bxa5 Rb8 37. Rxg4 Be3+ 38. Kg2 Rxb2+ 39. Kh3 Rb3 40.
f6+ Kh8 41. Rg3 Rc3 42. d6 1-0

[Event "AUTO-INT-1362"]
[Site "http://www.queenalice.com/game.php?id=676104"]
[Date "2009.11.1"]
[Round "2"]
[White "Cleopatra"]
[Black "luciopac"]
[Result "0-1"]
[WhiteElo "1722"]
[BlackElo "2179"]

1. e4 d5 2. exd5 Qxd5 3. Nc3 Qa5 4. d4 c6 5. Bd2 Qc7 6. Nf3 Bg4 7. Be2 Nf6 8. h3
Bh5 9. g4 Bg6 10. Ne5 e6 11. Nxg6 hxg6 12. Be3 Bb4 13. Bd2 Bxc3 14. Bxc3 Ne4 15.
Qd3 Qf4 16. Qf3 Qxf3 17. Bxf3 Nxc3 18. bxc3 Nd7 19. Rb1 Nb6 20. O-O Rxh3 21. Kg2
Rh8 22. Rh1 O-O-O 23. Rhe1 Rh4 24. Rh1 Rxh1 25. Kxh1 Nd5 26. a4 Nxc3 27. Rb4 Nd5
28. Rc4 Rh8+ 29. Kg1 Rh3 30. Bg2 Ra3 31. Bxd5 exd5 32. Rb4 a5 33. Rb3 Rxa4 34.
Rd3 Rc4 35. c3 a4 36. Kf1 a3 0-1

[Event "AUTO-INT-1362"]
[Site "http://www.queenalice.com/game.php?id=676105"]
[Date "2009.11.1"]
[Round "2"]
[White "califkid"]
[Black "Cleopatra"]
[Result "1-0"]
[WhiteElo "2004"]
[BlackElo "1722"]

1. d4 d5 2. c4 e6 3. Nc3 Nf6 4. Nf3 Nc6 5. Bg5 Be7 6. e3 Bd7 7. a3 dxc4 8. Bxc4
h6 9. Bh4 g5 10. Bg3 Nh5 11. Bd3 Nxg3 12. fxg3 Bf6 13. Qb3 a6 14. Qxb7 Qb8 15.
Qxb8+ Nxb8 16. O-O Nc6 17. Nd2 Be7 18. b4 O-O 19. g4 e5 20. d5 Nd8 21. Bf5 Be8
22. Nde4 Nb7 23. g3 a5 24. Rab1 axb4 25. axb4 Nd6 26. Nxd6 cxd6 27. Rfc1 Ra7 28.
h3 f6 29. Kf2 Bd7 30. b5 Rb7 31. b6 Ra8 32. Rb2 Be8 33. Ra2 Rxa2+ 34. Nxa2 Rxb6
35. Kf3 Rb5 36. Be6+ Bf7 37. Rc8+ Bf8 38. Nc3 Rc5 39. Rxc5 dxc5 40. Bxf7+ Kxf7
41. e4 Ke7 42. Nb5 Kd7 43. Ke3 Kc8 44. Kd3 Kb7 45. Kc4 Kb6 46. Nc3 Ka5 47. Ne2
Bd6 48. Nc3 Kb6 49. Nd1 Ka5 50. Ne3 Kb6 51. Kb3 Kb5 52. Nf5 Bf8 53. h4 c4+ 54.
Kc3 Kc5 55. Ne3 Bd6 56. Nxc4 Be7 57. hxg5 hxg5 58. Ne3 Bd6 59. Nf5 Bf8 60. Kd3
Bd6 61. Nxd6 Kxd6 62. Kc4 Kc7 63. Kc5 Kd7 64. d6 Kd8 65. Kc6 1-0

[Event "AUTO-INT-1362"]
[Site "http://www.queenalice.com/game.php?id=676106"]
[Date "2009.11.1"]
[Round "2"]
[White "Cleopatra"]
[Black "califkid"]
[Result "0-1"]
[WhiteElo "1732"]
[BlackElo "1916"]

1. e4 e5 2. Nf3 Nc6 3. d4 exd4 4. Nxd4 Nf6 5. Nxc6 bxc6 6. Bg5 Be7 7. Bd3 d5 8.
Nd2 O-O 9. e5 Ne4 10. Bf4 Bg5 11. Bxg5 Qxg5 12. Nxe4 dxe4 13. Bxe4 Qxe5 14. f3
Qxb2 15. Bxc6 Qc3+ 16. Kf2 Qxc6 17. Re1 Qc5+ 18. Re3 f5 19. Ke2 Ba6+ 20. Kf2 f4
21. Qd2 fxe3+ 22. Qxe3 Qxc2+ 23. Kg3 c5 24. Qe6+ Kh8 25. Qxa6 c4 26. Qa3 c3 27.
Rc1 Qg6+ 28. Kf2 c2 29. Qb3 Rac8 30. g4 Rfd8 31. Kg3 Qd6+ 32. Kh3 Qd1 0-1

[Event "Challenge"]
[Site "http://www.queenalice.com/game.php?id=947612"]
[Date "2011.6.8"]
[Round "-"]
[White "Cleopatra"]
[Black "black13"]
[Result "0-1"]
[WhiteElo "1718"]
[BlackElo "1908"]

1. e4 e5 2. Nf3 d6 3. d4 Bg4 4. Be2 Nf6 5. h3 Bh5 6. g4 Bg6 7. Nh4 Bxe4 8. Nc3
Bxh1 9. Be3 Nxg4 10. hxg4 Qxh4 11. Qd3 Nc6 12. O-O-O Nb4 13. a3 Nxd3+ 0-1

[Event "Challenge"]
[Site "http://www.queenalice.com/game.php?id=1132224"]
[Date "2012.12.18"]
[Round "-"]
[White "Cleopatra"]
[Black "Amazona"]
[Result "0-1"]
[WhiteElo "1710"]
[BlackElo "1462"]

1. Nc3 e5 2. e4 Bb4 3. Nf3 d6 4. d3 Bxc3+ 5. bxc3 Nc6 6. Be2 Nf6 7. Be3 O-O 8.
Ng5 h6 9. Nf3 Ng4 10. Nxe5 Nxe3 11. fxe3 dxe5 12. c4 f5 13. exf5 Rxf5 14. Bf3
Bd7 15. O-O Qg5 16. Bxc6 Bxc6 17. Rxf5 Qxg2# 0-1